000
00228 a2200109 4500
003
Nust
005
20170207154229.0
040
_c
Nust
082
_a
371.33
245
_a
Lt Col Zafar (VHS-235)
440
_a
Lt Col Zafar (VHS-235)
538
_a
Duration 90 Mins
999
_c
195772
_d
195772